000 00568nam a2200193 i 4500
001 40926
003 ES-MaACL
005 20230906160335.0
007 t|
008 030307s1976 sp ||||1| spa d
100 1 _aCarlisle, Charles R.
_935284
245 1 0 _aEcos del viento, silencios del mar
_b: la novelística de Ignacio Aldecoa /
_cCharles R. Carlisle.
260 _a[Madrid :
_bPlayor,
_c1976]
300 _a150 p. ;
_c19 cm.
490 1 _aNova scholar
830 0 _aNova scholar
_9181704
852 _aES-MaACL
_jA-6962
_bR.95332
999 _c40926
_d40926